Zdvíhacie stroje.

Uložené v:
Podrobná bibliografia
Hlavný autor: TRAILIN, S. (Author)
Médium: Kniha
Jazyk:Slovak
Vydané: 1964
Tagy: Pridať tag
Žiadne tagy, Buďte prvý kto otaguje tento záznam!

MARC

LEADER 00000nam a2200000 a 4500
001 000179708
005 00000000000000.0
008 040101s1964 e sloo
041 0 |a slo 
100 1 |a TRAILIN, S.  |4 aut 
245 1 0 |a Zdvíhacie stroje. 
260 |c 1964 
500 |a Záznam neprešiel kontrolou 
910 |a svkkk 
998 |a BK 
090 |g SCKHL  |k Sklad Pribinova 3. posch.  |a V.39411  |j 330677  |i 2721100318  |s Vyradená 
090 |g SCKHL  |k Sklad Pribinova 3. posch.  |a V0.3227  |j 018513  |i 2720041485  |s Absenčne